| 000 | 00932cam a22002775a 4500 | ||
|---|---|---|---|
| 001 | 4505826 | ||
| 005 | 20160215112522.0 | ||
| 008 | 980223t1999 njua frb 001 0 eng d | ||
| 020 | _a0136216161 (pbk.) | ||
| 020 | _a9780136216162 (pbk.) | ||
| 040 |
_aDLC _beng _cDLC _dDLC _dEG-ScBUE _dEG-ScBUE |
||
| 082 | 0 | 4 |
_a658.7 _bHAN _222 |
| 100 | 1 |
_aHandfield, Robert B. _937033 |
|
| 245 | 1 | 0 |
_aIntroduction to supply chain management / _cRobert B. Handfield, Ernest L. Nichols. |
| 246 | 3 | 0 | _aSupply chain management |
| 260 |
_aUpper Saddle River : _bPrentice Hall, _cc.1999. |
||
| 300 |
_aviii, 183 p. : _bill. ; _c24 cm. |
||
| 500 | _aIndex : p. 177-183. | ||
| 504 | _aIncludes bibliographical references. | ||
| 650 | 7 |
_aBusiness logistics. _2BUEsh _931004 |
|
| 650 | 7 |
_aDelivery of goods _xManagement. _2BUEsh _931012 |
|
| 651 | _2BUEsh | ||
| 653 |
_bBUSADM _cAugust2015 _cFebruary2016 |
||
| 700 | 1 | _aNichols, Ernest L. | |
| 942 | _2ddc | ||
| 999 |
_c20597 _d20569 |
||